Datum a čas kvízu

20.5 Celkem bodů Celkový počet nahraných bodů na tomto kvízu bez doplňovacích otázek.
10. Pořadí na kvízu Konečné umístění týmu na tomto kvízu.

Zaznamenané odpovědi

# Otázka Odpověď Body Výsledky
1. V pátek se dostala do prodeje... vlky 0
2. V jedné evropské zemi platí od... Itálie 0
3. Který předmět pozemského původ... brašnu (s nářadím) 0
4. Největší slovenské knihkupectv... Martinus 0
5. Napište název nočního klubu v... Belmondo 0
6. Na začátek tématu a otázky si... druhým 0
7. Rozlohou třetí největší africk... Malawi 0
8. Novinář Tomáš Poláček se před... 1B 2C 3A 4D 0
9. Jak se jmenuje počtem obyvatel... Lagos 0
10. Afrika se trhá, od zbytku se o... C 1